000 00600nam a2200169 a 4500
008 120416s1972 ||||||||||||||||| || u
020 _a0070268061
050 _aQC 33 Har
100 _aHarris, Norman C
245 1 0 _aExperiments in applied physics for college and technical institutes. (2nd ed.)
250 _a2nd ed.
260 _aNew York:
_bMcGraw-Hill
_c1972
300 _aviii, 304p. : ill.
350 _a0.00
650 0 _aPHYSICS
995 _D0.00
_FCBU-MAIN LIBRARY (Kitwe)
_H1
_I0.00
_UDAMAGED
_WJun 11, 2009
_ZMain Library Open Access Collection
999 _c42910
_d42910